Harry Potter and the philosopher's stone
Saved in:
| Main Author: | |
|---|---|
| Format: | Book |
| Language: | English |
| Published: |
London
Bloomsbury Publishing
2004
|
| Subjects: | |
| Tags: |
Add Tag
No Tags, Be the first to tag this record!
|
| Call Number : | PZ7.R79835 .H377 2004 |
MARC
| LEADER | 00000nam a2200000 a 4500 | ||
|---|---|---|---|
| 001 | 40081 | ||
| 003 | MY-KLNDU | ||
| 005 | 20241219003210.0 | ||
| 008 | 100623s2004 enk 000 1 eng | ||
| 020 | |a 9780747573609 | ||
| 039 | 9 | |y 201006231536 |z shahrim | |
| 090 | |a PZ7.R79835 |b .H377 2004 | ||
| 100 | 1 | 0 | |a Rowling, J.K. |
| 245 | 1 | 0 | |a Harry Potter and the philosopher's stone |c J.K. Rowling |
| 260 | |a London |b Bloomsbury Publishing |c 2004 | ||
| 300 | |a 223 p. |c 21 cm. | ||
| 592 | |a 071753 |c RM648.00 (set) |h Yuha | ||
| 650 | 0 | |a Wizards |v Fiction | |
| 650 | 0 | |a Magic |v Fiction | |
| 650 | 0 | |a Schools |v Fiction | |
| 650 | 0 | |a England |v Fiction | |
| 999 | |a vtls000040620 |c 40081 |d 40081 | ||


